| 000 | 00388nam a22000977a 4500 | ||
|---|---|---|---|
| 008 | 160418b xxu||||| |||| 00| 0 eng d | ||
| 100 | _aCercle Philatelique France - U.R.S.S. | ||
| 245 | _aCatalogue special de timbres-poste Empire Russe et Union Sovietique | ||
| 260 |
_aParice _bLe Cercle Philatelique France - U.R.S.S. _c1956 |
||
| 650 | _aSoviet Union | Russia (-1917) | Catalogs and Price Lists | ||
| 999 |
_c1900 _d1900 |
||